Normal view
MARC view
Entry Personal Name
001 - CONTROL NUMBER
- control field: 276488
003 - CONTROL NUMBER IDENTIFIER
- control field: OSt
005 - DATE AND TIME OF LATEST TRANSACTION
- control field: 20220925212302.0
008 - FIXED-LENGTH DATA ELEMENTS
- fixed length control field: 220925|| aca||aabn | a|a d
040 ## - CATALOGING SOURCE
- Original cataloging agency: OSt
- Transcribing agency: OSt
100 ## - HEADING--PERSONAL NAME
- Personal name: binsbergen van wim
670 ## - SOURCE DATA FOUND
- Source citation: Work cat.: (OSt)559928: binsbergen van wim, old modes of production and capitalist encroachment anthropological explorations in africa, 1985
